Score 0/9 Timer 00:15
0 Plays Today
Hint Answer % Correct
Two
64.7%
One
63.3%
Five
63.3%
Nine
63.1%
Six
62.7%
Four
62.2%
Eight
61.8%
Seven
60.9%
Three
50.6%
Remove Ads.
Support Sporcle.
Get the best of Sporcle when you Go Orange. This ad-free experience offers more features, more stats, and more fun while also helping to support Sporcle. Thank you for becoming a member.

You're not logged in!

Compare scores with friends on all Sporcle quizzes.
OR
Log In

Show Comments

Extras

Top Quizzes Today


Score Distribution

Your Account Isn't Verified!

In order to create a playlist on Sporcle, you need to verify the email address you used during registration. Go to your Sporcle Settings to finish the process.

Report this User

Report this user for behavior that violates our Community Guidelines.

Details: